| 000 | 01283nam a2200361 a 4500 | ||
|---|---|---|---|
| 001 | 000111772 | ||
| 003 | CHAP | ||
| 005 | 20220329144228.0 | ||
| 008 | 150727s2014 mx |r| ||||||spa d | ||
| 010 | _a108233 | ||
| 011 | _a109205 | ||
| 020 | _a9786077761648 | ||
| 040 | _cCHAP | ||
| 082 | 0 | 4 |
_a333.7715 _bS94 |
| 245 | 0 | 3 |
_aEl suelo urbano en Iberoamérica : _bcrisis y perspectivas / _ccoordinado por Alfonso X. Iracheta Cenecorta, Carolina Inés Pedrotti y Raúl Fernández Wager. |
| 260 |
_aMéxico, D. F. : _bEl Colegio Mexiquense, A.C., _c2014. |
||
| 300 | _a556 P. | ||
| 590 |
_aBATCH-UPD _b05 _c20150727 _lUCH01 _h1114 |
||
| 590 |
_aE11695DGD _b10 _c20150728 _lUCH01 _h0831 |
||
| 590 |
_aE11695DGD _b10 _c20150728 _lUCH01 _h0833 |
||
| 590 |
_aE5765TAJ _b05 _c20150727 _lUCH01 _h1113 |
||
| 650 | 1 | 4 |
_aTierras urbanas, Uso de _zAmérica Latina. _9129729 |
| 650 | 1 | 4 |
_aTierras urbanas, Uso de _zEspaña. _9129730 |
| 650 | 1 | 4 |
_aTierras _xPlaneación. _9125243 |
| 650 | 1 | 4 |
_aUrbanismo _xAmérica Latina. _9116826 |
| 650 | 1 | 4 |
_aUrbanismo _xEspaña. _9116836 |
| 700 | 0 |
_aIracheta Cenecorta, Alfonso X. _ecoord. _960322 |
|
| 700 | 1 |
_aFernández Wagner, Raúl _ecoord. _9129727 |
|
| 700 | 1 |
_aPedrotti, Carolina Inés _ecoord. _9126058 |
|
| 901 | _aBK | ||
| 942 | _cLIBRO | ||
| 942 | _n0 | ||
| 999 |
_c108233 _d108233 |
||